000 00398cam a22001337a 4500
008 180718b2002 xxu||||| |||| 00| 0 eng d
020 _a0198605226
082 _aT82053 F36 (R)
100 _aFenna, Donald
245 _aA dictionary of weights, measures, and units
_cby Donald Fenna
260 _aOxford
_bOxford Univ. Press
_c2002
300 _a331p.
650 _aWeights and measures - Dictionaries
999 _c402358
_d402358